005370000a220008500045001000021000002450049000213000046000705200319001167730016004351 aZewdie, Negussie10aLos practicantes de defensoría de derechos aVol.0, núm.66 (Mayo, 2006), Página 11 aMuchas personas que sufren injusticias se sienten incapaces de ponerse en acción. El departamento de defensoría de derechos en la Iglesia Kale Heywet de Etiopía ha estado capacitando a los líderes de la iglesia como practicantes de defensoría de derechos para apoyar a la gente cuando sufre injusticias.0 tPaso a Paso